| 000 | 00000nas 2200000za 4500 |
| 001 | 9.831214 |
| 003 | CaOODSP |
| 005 | 20221107145713 |
| 007 | cr ||||||||||| |
| 008 | 170124d19671984oncar p oss f0###a0eng|d |
| 022 | |y0703-2749 |
| 040 | |aCaOODSP|beng |
| 041 | |aeng|afre |
| 043 | |an-cn--- |
| 086 | 1 |aCS68-204-PDF |
| 245 | 00|aLocal government finance, revenue and expenditure, assets and liabilities, actual |h[electronic resource] / |cDominion Bureau of Statistics, Governments Division, Local Government Section. |
| 246 | 13|aFinances des administrations publiques locales, recettes et dépenses, actif et passif, chiffres réels|f1970-1974 |
| 246 | 13|aFinances publiques locales, revenus et dépenses, actif et passif, chiffres réels|f1975-1982 |
| 246 | 13|aFinances publiques locales, recettes et dépenses, actif et passif, chiffres réels|f1983-1984 |
| 260 | |a[Ottawa] : |bThe Bureau, |c1970-1988. |
| 310 | |aAnnual |
| 362 | 0 |a1967-1984. |
| 500 | |aDigitized edition from print [produced by Statistics Canada]. |
| 546 | |aText in English only, 1967-1969; text in English and French, 1970-1984. |
| 550 | |aIssued 1969-1980 by Statistics Canada, Local Government Section; 1981-1983 by Revenue and Expenditure Section; 1984 by Public Institutions Division. |
| 580 | |aAbsorbed in 1970, the French ed. issued in 1969 under title: Finances des administrations locales, recettes et dépenses, actif et passif, chiffres réels. |
| 692 | 07|2gccst|aMunicipalities |
| 692 | 07|2gccst|aFinance |
| 710 | 1 |aCanada.|bDominion Bureau of Statistics.|bLocal Government Section. |
| 710 | 2 |aStatistics Canada.|bLocal Government Section. |
| 710 | 2 |aStatistics Canada.|bRevenue and Expenditure Section. |
| 710 | 2 |aStatistics Canada.|bPublic Institutions Division. |
| 775 | 08|tFinances des administrations locales, recettes et dépenses, actif et passif, chiffres réels |w(CaOODSP)9.831218 |
| 780 | 00|tMunicipal government finance, revenue and expenditure, assets and liabilities, actual |w(CaOODSP)9.831213 |
| 792 | |tLocal government finance, revenue and expenditure, assets and liabilities, actual |efre|w(CaOODSP)9.831216 |